Il castello di Otranto /

Il castello di Otranto considerato il primo romanzo gotico ed ambientato nella città salentina di Otranto, nell'Italia meridionale, è l'opera che diede l'avvio al genere letterario poi diffusosi tra il tardo '700 e l'inizio del '900. Manfred, signore di Otranto, nipote dell'usurpatore del regno che...

Full beskrivning

Sparad:
Bibliografiska uppgifter
Huvudupphov: Walpole, Horace (Författare, medförfattare)
Övriga upphov: Prayer, Mario, Reim, Riccardo (Författare till förord, introducerande material, etc.)
Materialtyp: Bok
Språk:italienska
Utgiven: Roma : Tascabili economici Newton, 1992
Serie:Centopaginemillelire ; 36
Taggar: Lägg till en tagg
Inga taggar, Lägg till första taggen!

MARC

LEADER 00000nam a22000007i 4500
001 IT\ICCU\CFI\0216006
003 ItRI
005 20260115231932.0
008 930406s1992 it |||||| ||||| |||||c
020 |a 8879830058 
040 |b ita  |c importazione bologna sebina 
041 7 |a ita  |2 ISO-639-2 
082 |a 823.5  |9 NARRATIVA INGLESE. 1702-1745  |2 19 
100 1 |a Walpole, Horace  |0 IT\ICCU\CFIV\000461  |4 aut 
240 1 4 |a The castle of Otranto  |3 IT\ICCU\CFI\0000696  |9 Walpole, Horace 
245 1 3 |a Il castello di Otranto /  |c Horace Walpole ; introduzione di Riccardo Reim. 
260 |a Roma :  |b Tascabili economici Newton,  |c 1992 
300 |a 98 p. ;  |c 20 cm 
500 |a Ed. integrale 
500 |a Traduzione di Mario Prayer 
520 |a Il castello di Otranto considerato il primo romanzo gotico ed ambientato nella città salentina di Otranto, nell'Italia meridionale, è l'opera che diede l'avvio al genere letterario poi diffusosi tra il tardo '700 e l'inizio del '900. Manfred, signore di Otranto, nipote dell'usurpatore del regno che ha avvelenato Alfonso, il legittimo sovrano, vive sotto l'incubo di una profezia, secondo la quale la stirpe dell'usurpatore continuerà a regnare finché il legittimo sovrano non sia divenuto troppo grosso per abitare il castello e finché discendenti maschi dell'usurpatore lo occupino. Proprio quando la profezia sembra avverarsi, Manfredo, terrorizzato, confessa le fasi dell'usurpazione ritirandosi in un monastero. 
700 1 |a Prayer, Mario  |0 IT\ICCU\CFIV\095666 
700 1 |a Reim, Riccardo  |0 IT\ICCU\CFIV\012470  |4 aui 
830 0 |a Centopaginemillelire ;  |v 36  |0 IT\ICCU\RAV\0196182 
942 |2 ddc  |c BK  |n 0 
952 |0 0  |1 0  |4 0  |6 DOC_823_600000000000000_WAL  |7 0  |9 17126  |a BO  |b BO  |d 2026-01-15  |i 10267  |l 0  |o DOC 823.6 WAL  |p BO10267  |r 2026-01-15 23:19:32  |w 2026-01-15  |x [Sebina 5] [1 v.]  |y BK  |z 1 v. 
999 |c 14624  |d 14624